[Event "Mittelfr. EM 2019 - NT"]
[Site "Nürnberg"]
[Date "2019.04.17"]
[Round "1.1"]
[White "Konsek, Peter"]
[Black "Weißmann, Peter"]
[Result "1-0"]
[WhiteElo "2062"]
[BlackElo "1756"]
[PlyCount "79"]
[EventDate "2019.??.??"]
[WhiteTeam "SW Nürnberg Süd"]
[BlackTeam "SGem Fürth"]

1. e4 c5 2. d4 cxd4 3. c3 d3 4. Bxd3 Nc6 5. c4 g6 6. Nf3 Bg7 7. O-O d6 8. h3
Nf6 9. Nc3 O-O 10. Bg5 Nd7 11. Rc1 Nde5 12. Nxe5 Bxe5 13. Qd2 f5 14. exf5 Bxf5
15. Bh6 Bg7 16. Bxf5 Rxf5 17. Bxg7 Kxg7 18. Ne4 Qa5 19. Qd3 Qe5 20. Rfe1 Qd4
21. Qb3 Qb6 22. Qc2 Raf8 23. Re3 Nd4 24. Qc3 e5 25. Rd1 g5 26. b3 g4 27. hxg4
Rf4 28. g5 R8f5 29. b4 Qc6 30. f3 h6 31. Rxd4 exd4 32. Qxd4+ Kg6 33. gxh6 Kxh6
34. Qh8+ Kg6 35. Ng3 Re5 36. Qg8+ Kf6 37. Qf8+ Kg5 38. Qg7+ Kh4 39. Qh6+ Kxg3
40. Qh3# 1-0

[Event "Mittelfr. EM 2019 - NT"]
[Site "Nürnberg"]
[Date "2019.04.17"]
[Round "1.2"]
[White "Reichel, Rolf"]
[Black "Greul, Hans"]
[Result "0-1"]
[WhiteElo "1743"]
[BlackElo "2015"]
[PlyCount "96"]
[EventDate "2019.??.??"]
[WhiteTeam "SC Röthenbach/Pegnitz"]
[BlackTeam "SK Schwabach"]

1. e4 e6 2. d4 d5 3. Nc3 Nf6 4. e5 Nfd7 5. Nf3 c5 6. Be3 cxd4 7. Bxd4 Nc6 8.
Bb5 a6 9. Bxc6 bxc6 10. Ne2 c5 11. Be3 Bb7 12. Bf4 Be7 13. Qd2 Nb6 14. b3 d4
15. h4 Bxf3 16. gxf3 Bxh4 17. O-O-O Nd5 18. Bg3 Bxg3 19. Nxg3 Nc3 20. Nh5 Qa5
21. Nxg7+ Kd7 22. Qd3 Nxd1 23. Kxd1 Qb5 24. Qe4 Qc6 25. Qf4 Raf8 26. Nh5 Kc7
27. Nf6 Rd8 28. Ne4 h5 29. Qxf7+ Kb6 30. Rxh5 Rhf8 31. Qe7 Rde8 32. Qh4 Rxf3
33. Nf6 Rc8 34. Rh7 Rc7 35. Rh8 Rf5 36. Rb8+ Ka7 37. Qh8 Rxe5 38. Nd7 Qf3+ 39.
Kc1 Re1+ 40. Kb2 Rxd7 41. Qc8 Qd5 42. Qf8 d3 43. cxd3 Rb7 44. Ra8+ Kb6 45. Rd8
Re2+ 46. Ka3 Qf5 47. Qd6+ Ka7 48. Rc8 Qe5 0-1

[Event "Mittelfr. EM 2019 - NT"]
[Site "Nürnberg"]
[Date "2019.04.17"]
[Round "1.3"]
[White "Luther, Helmut"]
[Black "Meyer, Robert"]
[Result "1-0"]
[WhiteElo "2008"]
[BlackElo "1738"]
[PlyCount "63"]
[EventDate "2019.??.??"]
[WhiteTeam "SW Nürnberg Süd"]
[BlackTeam "SC Stein"]

1. d4 d5 2. Nf3 Nf6 3. g3 e6 4. Bg2 Be7 5. O-O O-O 6. c4 Nbd7 7. b3 Ne4 8. Bb2
c5 9. cxd5 exd5 10. dxc5 Ndxc5 11. b4 Na6 12. a3 Be6 13. Nd4 Nc7 14. Nc3 Nxc3
15. Bxc3 Bf6 16. Rc1 a6 17. e4 dxe4 18. Nxe6 Nxe6 19. Qxd8 Raxd8 20. Bxf6 gxf6
21. Bxe4 Rd7 22. Rfd1 Rfd8 23. Rxd7 Rxd7 24. Rc8+ Kg7 25. Rb8 Nd8 26. Kg2 b5
27. Rb6 Ra7 28. Bf5 Ra8 29. Rd6 Ne6 30. Bxe6 fxe6 31. Rxe6 a5 32. Rb6 1-0

[Event "Mittelfr. EM 2019 - NT"]
[Site "Nürnberg"]
[Date "2019.04.17"]
[Round "1.4"]
[White "Deschler, Arne"]
[Black "Petrov, Mikhail"]
[Result "0-1"]
[WhiteElo "1710"]
[BlackElo "1905"]
[PlyCount "62"]
[EventDate "2019.??.??"]
[WhiteTeam "SC Noris-Tarrasch Nürnberg"]
[BlackTeam "SW Nürnberg Süd"]

1. e4 e6 2. d4 d5 3. exd5 exd5 4. Bd3 Nc6 5. c3 Bd6 6. Qf3 Be6 7. Bf4 Be7 8.
Qg3 Nf6 9. Bxc7 Qd7 10. Be5 Nh5 11. Qe3 O-O 12. Ne2 Rae8 13. O-O f6 14. Bg3 g5
15. f4 Bd6 16. fxg5 Bg4 17. Qd2 Bxe2 18. Bxe2 Nxg3 19. hxg3 f5 20. Qd3 f4 21.
gxf4 Bxf4 22. Rf3 Qe7 23. Rh3 Bxg5 24. Nd2 Bxd2 25. Qxd2 Qxe2 26. Qg5+ Kh8 27.
Rg3 Qf2+ 28. Kh2 Rg8 29. Rf3 Qxf3 30. Qxg8+ Kxg8 31. gxf3 Re2+ 0-1

[Event "Mittelfr. EM 2019 - NT"]
[Site "Nürnberg"]
[Date "2019.04.17"]
[Round "1.5"]
[White "Kellmann, Andreas"]
[Black "Cordts, Elof"]
[Result "1-0"]
[WhiteElo "1901"]
[BlackElo "1684"]
[PlyCount "43"]
[EventDate "2019.??.??"]
[WhiteTeam "SG Büchenbach/Roth"]
[BlackTeam "SC Erlangen"]

1. Nf3 c5 2. g3 Nf6 3. Bg2 e6 4. c4 Be7 5. Nc3 Nc6 6. O-O O-O 7. b3 d5 8. cxd5
exd5 9. d4 Be6 10. Bb2 Qd7 11. dxc5 Bxc5 12. Ng5 Rad8 13. Nxe6 fxe6 14. Rc1 Ng4
15. Ne4 Bb6 16. Bh3 Ne3 17. fxe3 Bxe3+ 18. Kg2 Rxf1 19. Qxf1 dxe4 20. Rd1 Qxd1
21. Bxe6+ Kh8 22. Bxg7+ 1-0

[Event "Mittelfr. EM 2019 - NT"]
[Site "Nürnberg"]
[Date "2019.04.17"]
[Round "1.6"]
[White "Gajewski, Richard"]
[Black "Schanz, Karlheinz"]
[Result "1-0"]
[WhiteElo "1681"]
[BlackElo "1877"]
[PlyCount "81"]
[EventDate "2019.??.??"]
[WhiteTeam "Wolframs-Eschenbach"]
[BlackTeam "SC Mühlhof-Reichelsdorf"]

1. e4 c5 2. Nc3 Nc6 3. f4 e6 4. Bc4 Qh4+ 5. g3 Qd8 6. Nf3 a6 7. a4 Qc7 8. Qe2
d6 9. O-O Be7 10. Nd1 Nf6 11. d3 Na5 12. Ba2 Bd7 13. Ne3 O-O 14. e5 Ne8 15. Bd2
d5 16. b3 Nc6 17. c3 b5 18. c4 bxc4 19. dxc4 d4 20. Ng4 Rb8 21. Qd3 Nb4 22.
Bxb4 Rxb4 23. Bb1 g6 24. Bc2 Kg7 25. Nf2 Bc6 26. g4 Qb7 27. Nh1 Kh8 28. Ng3 Nc7
29. Rf2 a5 30. f5 Qa8 31. f6 Bd8 32. h4 Na6 33. h5 Bc7 34. hxg6 fxg6 35. Ng5
Bxe5 36. Nxh7 Rf7 37. Ng5 Rxf6 38. Rxf6 Bxf6 39. Nf7+ Kg8 40. Qxg6+ Bg7 41.
Nh6+ 1-0

[Event "Mittelfr. EM 2019 - NT"]
[Site "Nürnberg"]
[Date "2019.04.17"]
[Round "1.7"]
[White "Diebel, Günter"]
[Black "Floegel, Marco"]
[Result "1-0"]
[WhiteElo "1854"]
[BlackElo "1638"]
[PlyCount "115"]
[EventDate "2019.??.??"]
[WhiteTeam "SW Nürnberg Süd"]
[BlackTeam "SK Herzogenaurach"]

1. e4 d5 2. exd5 Nf6 3. Nc3 Nxd5 4. Bc4 Nb6 5. Bb3 Nc6 6. Nf3 Bg4 7. Bxf7+ Kd7
8. h3 Bxf3 9. Qxf3 e6 10. Qd3+ Bd6 11. Bh5 Qf6 12. a3 Rhf8 13. Ne4 Qe5 14. Bf3
Nd4 15. Be2 Nd5 16. g3 Nf6 17. Nxd6 cxd6 18. c3 Nxe2 19. Qxe2 Ne4 20. O-O Qd5
21. d4 Qf5 22. Qg4 Qxg4 23. hxg4 Rf3 24. Kg2 Raf8 25. Bf4 Rd3 26. Rad1 Rxd1 27.
Rxd1 g5 28. Be3 Nf6 29. f3 Rg8 30. Rh1 Rg7 31. c4 Rg6 32. b4 h6 33. Rd1 Ne8 34.
d5 exd5 35. Rxd5 a6 36. Kh3 Nc7 37. Rd3 Kc6 38. f4 d5 39. cxd5+ Nxd5 40. f5 Rd6
41. Bc5 Rd7 42. Rf3 Rf7 43. Rf2 Kb5 44. Re2 b6 45. Bd4 Kc4 46. Bf2 Rf6 47. Re6
Rxe6 48. fxe6 b5 49. Bc5 Nf6 50. Bf8 Kb3 51. Bxh6 Kxa3 52. Bxg5 Ne8 53. Be7 Ka4
54. Bc5 a5 55. bxa5 Kxa5 56. Kh4 b4 57. Kg5 b3 58. Bd4 1-0

[Event "Mittelfr. EM 2019 - NT"]
[Site "Nürnberg"]
[Date "2019.04.17"]
[Round "1.8"]
[White "Majid, Hakim"]
[Black "Süß, Helmut"]
[Result "0-1"]
[WhiteElo "1588"]
[BlackElo "1851"]
[PlyCount "118"]
[EventDate "2019.??.??"]
[WhiteTeam "SW Nürnberg Süd"]
[BlackTeam "SC Noris-Tarrasch Nürnberg"]

1. e4 g6 2. d4 Bg7 3. c3 d5 4. Nd2 c6 5. Bd3 Nd7 6. Ngf3 e6 7. exd5 cxd5 8. O-O
Ne7 9. Nb3 O-O 10. Bf4 Nf6 11. Qc1 Kh8 12. Bh6 Ng4 13. Bxg7+ Kxg7 14. Qg5 Nf6
15. Ne5 h6 16. Qe3 a5 17. Bc2 Nc6 18. Nc5 Qc7 19. Ncd3 Nxe5 20. Nxe5 b6 21. a3
Ba6 22. Bd3 Bxd3 23. Qxd3 Rfc8 24. f4 Qb7 25. Rab1 Qa6 26. Qf3 Ne4 27. Qe3 b5
28. g4 Rc7 29. f5 g5 30. fxe6 Qxe6 31. Rf5 Nd6 32. Rf3 Re8 33. Rbf1 Qc8 34. h3
Re6 35. Qf2 Qe8 36. Rf6 Ne4 37. Rxf7+ Rxf7 38. Qxf7+ Qxf7 39. Rxf7+ Kg8 40. Rb7
Nd6 41. Rd7 Kf8 42. Rc7 Nc4 43. Rf7+ Ke8 44. Rf2 Nxe5 45. dxe5 Rxe5 46. Kg2 Ke7
47. Rf5 Rxf5 48. gxf5 Kf6 49. Kf3 Kxf5 50. Ke3 Ke5 51. Kf3 h5 52. Ke3 g4 53.
hxg4 hxg4 54. Kf2 Kf4 55. Kg2 a4 56. Kf2 g3+ 57. Kg2 Kg4 58. Kh1 Kf3 59. Kg1 g2
0-1

[Event "Mittelfr. EM 2019 - NT"]
[Site "Nürnberg"]
[Date "2019.04.17"]
[Round "1.9"]
[White "Riexinger, Martin"]
[Black "Walter, Gabriele"]
[Result "1-0"]
[WhiteElo "1800"]
[BlackElo "1576"]
[PlyCount "103"]
[EventDate "2019.??.??"]
[WhiteTeam "SW Nürnberg Süd"]
[BlackTeam "SV Lauf"]

1. d4 d5 2. c4 c6 3. Nc3 dxc4 4. e4 b5 5. a4 b4 6. Na2 Nf6 7. e5 Nd5 8. Bxc4 e6
9. Nf3 Be7 10. O-O O-O 11. b3 Nd7 12. Bb2 N7b6 13. Qd2 Nxc4 14. bxc4 b3 15.
cxd5 bxa2 16. dxc6 Qd5 17. c7 Bb7 18. Bc3 Rfc8 19. Ba5 Ba6 20. Rfc1 Bc4 21. Qc3
Bb3 22. Bb4 Bxb4 23. Qxb4 a5 24. Qb5 Ra7 25. Rc5 Qb7 26. Qd7 Raa8 27. Rac1 Bxa4
28. Qxa4 Qb1 29. R5c2 Ra7 30. Qxa2 Qxa2 31. Rxa2 Raxc7 32. Rxc7 Rxc7 33. h3 Ra7
34. Nd2 Kf8 35. Nb3 a4 36. Nc5 a3 37. f4 Ke7 38. Kf2 f6 39. Ke3 fxe5 40. fxe5
g5 41. Ne4 h6 42. Nc3 Ra5 43. Ke4 Kf7 44. Nb1 Kg6 45. Rxa3 Rb5 46. Nd2 Rb2 47.
Kd3 Kf5 48. g4+ Kf4 49. Kc3 Rb8 50. Kc4 Rc8+ 51. Kb5 Rc2 52. Rf3# 1-0

[Event "Mittelfr. EM 2019 - NT"]
[Site "Nürnberg"]
[Date "2019.04.17"]
[Round "1.10"]
[White "Ott, Hans"]
[Black "Schlötterer, Hermann"]
[Result "0-1"]
[WhiteElo "1475"]
[BlackElo "1788"]
[PlyCount "84"]
[EventDate "2019.??.??"]
[WhiteTeam "Zabo-Eintracht Nürnberg"]
[BlackTeam "Zabo-Eintracht Nürnberg"]

1. e4 Nf6 2. e5 Nd5 3. d4 d6 4. c4 Nb6 5. exd6 exd6 6. Nf3 Be7 7. h3 Bf5 8. Nc3
Nc6 9. a3 O-O 10. Be2 Bf6 11. b3 Re8 12. Be3 Qd7 13. O-O Rad8 14. b4 h6 15. Rc1
a6 16. Qb3 Kh8 17. Kh2 g5 18. g4 Bg6 19. Rfd1 Bg7 20. c5 Nc8 21. a4 f5 22. Bd3
Bf7 23. Qb1 fxg4 24. Bf5 Be6 25. hxg4 Bxf5 26. gxf5 Qf7 27. Kg3 N6e7 28. Qd3
Nxf5+ 29. Kg2 g4 30. Nh2 Qg6 31. Ne2 h5 32. Nf4 Qf7 33. Rh1 Kg8 34. Nf1 h4 35.
Kg1 dxc5 36. d5 c6 37. Rxc5 h3 38. Ng3 Nh4 39. Kf1 Nf3 40. Nf5 Nd6 41. Nxd6
Rxd6 42. Qc2 Qxf4 0-1

[Event "Mittelfr. EM 2019 - NT"]
[Site "Nürnberg"]
[Date "2019.04.17"]
[Round "1.11"]
[White "Walter, Manfred"]
[Black "Weigel, Rainer"]
[Result "1/2-1/2"]
[WhiteElo "1784"]
[BlackElo "1425"]
[PlyCount "102"]
[EventDate "2019.??.??"]
[WhiteTeam "SV Lauf"]
[BlackTeam "SG Büchenbach/Roth"]

1. d4 Nf6 2. Nc3 e6 3. Bf4 Bb4 4. e3 d5 5. Bd3 c5 6. dxc5 Bxc5 7. Nb5 Bb6 8.
Nd6+ Ke7 9. Nxc8+ Qxc8 10. Nf3 Nc6 11. c3 Rd8 12. O-O Bc7 13. Bxc7 Qxc7 14. Qc2
e5 15. e4 dxe4 16. Bxe4 Nxe4 17. Qxe4 h6 18. Rfe1 f6 19. Rad1 Kf8 20. Nh4 Rxd1
21. Rxd1 Rd8 22. Qe2 Rxd1+ 23. Qxd1 Qd8 24. Qxd8+ Nxd8 25. Nf5 Ne6 26. Kf1 Nf4
27. Nd6 Nd3 28. b4 b6 29. a3 a5 30. Nc4 axb4 31. cxb4 b5 32. Nd6 Ke7 33. Nxb5
Kd7 34. Ke2 Nf4+ 35. Kf3 Kc6 36. Nc3 Nd3 37. Ke3 Nb2 38. a4 f5 39. a5 g5 40. f3
Nc4+ 41. Ke2 h5 42. g3 g4 43. fxg4 hxg4 44. b5+ Kb7 45. a6+ Ka7 46. Kd3 Nd6 47.
Kc2 f4 48. gxf4 exf4 49. Kd3 g3 50. hxg3 fxg3 51. Ke2 Nxb5 1/2-1/2

[Event "Mittelfr. EM 2019 - NT"]
[Site "Nürnberg"]
[Date "2019.04.17"]
[Round "1.12"]
[White "Keller, Jan-Christopher"]
[Black "Babichev, Vyacheslav"]
[Result "0-1"]
[WhiteElo "1399"]
[BlackElo "1783"]
[PlyCount "78"]
[EventDate "2019.??.??"]
[WhiteTeam "SV Neustadt/Aisch"]
[BlackTeam "SW Nürnberg Süd"]

1. d4 Nf6 2. Nf3 g6 3. Bg5 Bg7 4. Nbd2 O-O 5. c3 d5 6. e3 Bg4 7. h3 Bf5 8. Nh4
Bd7 9. Qc2 h6 10. Bxh6 Bxh6 11. Rg1 Nc6 12. g4 Bg5 13. Nxg6 Kg7 14. h4 fxg6 15.
hxg5 Nxg4 16. Bd3 Qe8 17. Rg2 Qf7 18. Nf1 Qf3 19. Rxg4 Bxg4 20. Bxg6 Bf5 21.
Bxf5 Qxf5 22. Qe2 Qf3 23. Qd2 Rh8 24. Rc1 Rh1 25. Rc2 Rf8 26. Qd3 Qe4 27. Qd2
Nd8 28. Ke2 Qf3+ 29. Ke1 Ne6 30. Qe2 Nxg5 31. Qxf3 Nxf3+ 32. Ke2 e5 33. Ng3
Re1+ 34. Kd3 e4+ 35. Nxe4 dxe4+ 36. Kxe4 Ra1 37. a3 Rf1 38. c4 Ng5+ 39. Kd5
Rf5# 0-1

[Event "Mittelfr. EM 2019 - NT"]
[Site "Nürnberg"]
[Date "2019.04.17"]
[Round "2.1"]
[White "Süß, Helmut"]
[Black "Konsek, Peter"]
[Result "0-1"]
[WhiteElo "1851"]
[BlackElo "2062"]
[PlyCount "66"]
[EventDate "2019.??.??"]
[WhiteTeam "SC Noris-Tarrasch Nürnberg"]
[BlackTeam "SW Nürnberg Süd"]

1. d4 f5 2. Bg5 g6 3. Nc3 Bg7 4. e3 Nf6 5. h4 h6 6. Bf4 d6 7. Be2 Be6 8. Bf3 c6
9. Nge2 Nbd7 10. O-O O-O 11. Nc1 Bc4 12. Re1 e5 13. Bg3 Qe7 14. Be2 Be6 15. Bf3
e4 16. Be2 d5 17. Nb3 Rf7 18. Na5 Qb4 19. Nb3 a5 20. a3 Qe7 21. Na4 b5 22. Nac5
a4 23. Nxe6 Qxe6 24. Nd2 Nb6 25. c3 g5 26. hxg5 hxg5 27. Be5 Nfd7 28. Bxg7 Rxg7
29. Nf1 Qh6 30. Ng3 Rh7 31. f3 Rf8 32. f4 Qh4 33. Nh5 g4 0-1

[Event "Mittelfr. EM 2019 - NT"]
[Site "Nürnberg"]
[Date "2019.04.17"]
[Round "2.2"]
[White "Greul, Hans"]
[Black "Riexinger, Martin"]
[Result "0-1"]
[WhiteElo "2015"]
[BlackElo "1800"]
[PlyCount "60"]
[EventDate "2019.??.??"]
[WhiteTeam "SK Schwabach"]
[BlackTeam "SW Nürnberg Süd"]

1. d4 Nf6 2. e3 d5 3. c4 e6 4. Nc3 c6 5. Nf3 Be7 6. Be2 O-O 7. O-O Nbd7 8. b3
b6 9. Bb2 Bb7 10. Rc1 dxc4 11. bxc4 c5 12. Qb3 Ne4 13. Rfd1 Nxc3 14. Bxc3 Qc7
15. a4 Rac8 16. a5 Bxf3 17. gxf3 bxa5 18. Ra1 cxd4 19. Bxd4 Bb4 20. Rdc1 Rb8
21. Qc2 e5 22. Bc3 Nc5 23. Qf5 f6 24. Rc2 g6 25. Qg4 Rfd8 26. h4 Qd7 27. Qg3
Bxc3 28. Rd1 Qa4 29. Rxd8+ Rxd8 30. Rxc3 Qa1+ 0-1

[Event "Mittelfr. EM 2019 - NT"]
[Site "Nürnberg"]
[Date "2019.04.17"]
[Round "2.3"]
[White "Schlötterer, Hermann"]
[Black "Luther, Helmut"]
[Result "1/2-1/2"]
[WhiteElo "1788"]
[BlackElo "2008"]
[PlyCount "235"]
[EventDate "2019.??.??"]
[WhiteTeam "Zabo-Eintracht Nürnberg"]
[BlackTeam "SW Nürnberg Süd"]

1. d4 Nf6 2. g3 g6 3. Bg2 Bg7 4. e4 d6 5. h3 O-O 6. Ne2 e5 7. Nbc3 Nbd7 8. O-O
c6 9. Be3 Re8 10. g4 Nf8 11. Ng3 Ne6 12. Nce2 Qc7 13. Qd2 exd4 14. Nxd4 Nc5 15.
f3 d5 16. Bf4 Qb6 17. e5 Nfd7 18. c3 Nxe5 19. Rae1 Bd7 20. Bh6 Nc4 21. Qg5 Ne6
22. Rxe6 Rxe6 23. Bxg7 Kxg7 24. Kh2 Qd8 25. Nxe6+ Bxe6 26. Nh5+ Kh8 27. Nf6 Kg7
28. Nh5+ Kh8 29. Nf6 Qf8 30. b3 h6 31. Qf4 Qd6 32. Kg3 Qxf4+ 33. Kxf4 Nb6 34.
Re1 Kg7 35. g5 hxg5+ 36. Kxg5 Rh8 37. Ng4 Nd7 38. Kf4 Nf6 39. Ke5 Ne8 40. Kd4
Nd6 41. f4 Nb5+ 42. Kd3 Rh4 43. a4 Nd6 44. Ke3 Kf8 45. Kf3 Ne4 46. Re3 Nd2+ 47.
Kg3 Rh8 48. b4 Nc4 49. Re2 Ke7 50. Nf2 Nd6 51. Nd3 Nf5+ 52. Kf2 Kd6 53. Nc5 Bc8
54. Rd2 Kc7 55. Nd3 Nd6 56. Re2 Bf5 57. Re3 Kd8 58. Nc5 b6 59. Nb3 Bc2 60. Nd4
Bxa4 61. Bf1 Re8 62. Rf3 Kc7 63. Kg2 Bd1 64. Rf2 Bh5 65. Ra2 Nc8 66. b5 c5 67.
Nc6 Re3 68. Rc2 Re8 69. Ne5 Rf8 70. Nc6 Kb7 71. Rd2 Kc7 72. Rxd5 Re8 73. Rd2
Re7 74. Nxe7 Nxe7 75. Bc4 Nf5 76. Bxf7 Nd6 77. Be6 Nxb5 78. Rd7+ Kb8 79. c4
Bf3+ 80. Kg3 Nd4 81. Bf7 Be4 82. Rd8+ Kc7 83. Rg8 Nf5+ 84. Kf2 Nh6 85. Rg7 Nxf7
86. Rxf7+ Kb8 87. Ke2 a5 88. Kd2 a4 89. Kc3 Bb1 90. Kb2 Bd3 91. Ka3 Bxc4 92.
Rf6 b5 93. Rxg6 Kc7 94. h4 Kd7 95. Rf6 Be2 96. Rf5 Kd6 97. h5 Bd3 98. Re5 Bc2
99. Kb2 Bh7 100. h6 b4 101. Rg5 c4 102. Rg7 c3+ 103. Kc1 Be4 104. h7 b3 105.
Rb7 Bxb7 106. h8=Q b2+ 107. Kc2 Be4+ 108. Kxc3 b1=Q 109. Qd4+ Kc7 110. Qg7+ Kb6
111. Qd4+ Kb7 112. Qb4+ Qxb4+ 113. Kxb4 Bc6 114. f5 Kc7 115. f6 Kd6 116. f7 Ke7
117. f8=Q+ Kxf8 118. Ka3 1/2-1/2

[Event "Mittelfr. EM 2019 - NT"]
[Site "Nürnberg"]
[Date "2019.04.17"]
[Round "2.5"]
[White "Babichev, Vyacheslav"]
[Black "Kellmann, Andreas"]
[Result "0-1"]
[WhiteElo "1783"]
[BlackElo "1901"]
[PlyCount "76"]
[EventDate "2019.??.??"]
[WhiteTeam "SW Nürnberg Süd"]
[BlackTeam "SG Büchenbach/Roth"]

1. Nf3 Nf6 2. g3 g6 3. Bg2 Bg7 4. O-O c5 5. c4 O-O 6. Nc3 d5 7. cxd5 Nxd5 8.
Qb3 Nxc3 9. dxc3 Qb6 10. Qxb6 axb6 11. Rd1 Be6 12. Ng5 Bc8 13. Bd2 Nc6 14. Be1
h6 15. Nf3 Be6 16. b3 b5 17. e3 Ra3 18. Rdc1 Rfa8 19. Bf1 b4 20. Rab1 Rxa2 21.
Bd3 bxc3 22. Bxc3 Bxc3 23. Rxc3 b6 24. Be4 Rc8 25. Bxc6 Rxc6 26. b4 Bd5 27. Ne5
Re6 28. f4 Rg2+ 29. Kf1 Rxh2 30. Rbc1 Rh1+ 31. Kf2 Rxc1 32. Rxc1 cxb4 33. Rb1
b3 34. e4 Bxe4 35. Rxb3 Rd6 36. Rb2 Bd5 37. Ke3 Kg7 38. Ng4 Bc4 0-1

[Event "Mittelfr. EM 2019 - NT"]
[Site "Nürnberg"]
[Date "2019.04.17"]
[Round "2.6"]
[White "Schaller, Michael"]
[Black "Diebel, Günter"]
[Result "0-1"]
[WhiteElo "1328"]
[BlackElo "1854"]
[PlyCount "64"]
[EventDate "2019.??.??"]
[WhiteTeam "SW Nürnberg Süd"]
[BlackTeam "SW Nürnberg Süd"]

1. e4 g6 2. d4 d5 3. Bd3 dxe4 4. Bxe4 Bg7 5. c3 Nf6 6. Bf3 c6 7. Ne2 Bg4 8.
Bxg4 Nxg4 9. h3 Nf6 10. Bf4 Nbd7 11. Nd2 Nd5 12. Bg3 e5 13. dxe5 Nxe5 14. Qc2
O-O 15. f4 Nd7 16. f5 Nc5 17. fxg6 fxg6 18. Bf2 Qe7 19. Bxc5 Qxc5 20. Ne4 Ne3
21. Qb3+ Qd5 22. Qxd5+ cxd5 23. Kd2 Nc4+ 24. Kd3 Ne5+ 25. Ke3 dxe4 26. Nd4 Rfe8
27. Nb5 Re7 28. Nd6 Rd8 29. Rad1 Rxd6 30. Kxe4 Nc4+ 31. Kf3 Rxd1 32. Rxd1 Nxb2
0-1

[Event "Mittelfr. EM 2019 - NT"]
[Site "Nürnberg"]
[Date "2019.04.17"]
[Round "2.7"]
[White "Schanz, Karlheinz"]
[Black "Walter, Manfred"]
[Result "1-0"]
[WhiteElo "1877"]
[BlackElo "1784"]
[PlyCount "117"]
[EventDate "2019.??.??"]
[WhiteTeam "SC Mühlhof-Reichelsdorf"]
[BlackTeam "SV Lauf"]

1. d4 d6 2. c4 e5 3. d5 Nf6 4. Nc3 Nbd7 5. e4 Be7 6. Qc2 c6 7. Nf3 O-O 8. h3 a5
9. Be3 cxd5 10. exd5 Nc5 11. Nd2 Nfd7 12. g4 Bg5 13. O-O-O Bxe3 14. fxe3 Qg5
15. Re1 f5 16. gxf5 Qxf5 17. Qxf5 Rxf5 18. Nde4 Ra6 19. Be2 Nxe4 20. Nxe4 Nc5
21. Nxc5 dxc5 22. Bg4 Rf8 23. Bxc8 Rxc8 24. Ref1 Rb6 25. Rf5 Re8 26. Rg1 Rb4
27. Rg4 e4 28. b3 a4 29. Kc2 axb3+ 30. axb3 b5 31. cxb5 Rxb5 32. d6 Rb6 33. Rd5
Rd8 34. d7 Rb7 35. Rxe4 Rbxd7 36. Rxd7 Rxd7 37. Re5 Rc7 38. Kc3 Kf7 39. Kc4 Rc6
40. h4 Rh6 41. h5 g6 42. hxg6+ Rxg6 43. Kxc5 Rg1 44. b4 Kf6 45. Rh5 Kg6 46. Rd5
h5 47. b5 h4 48. Rd2 h3 49. Rh2 Rg3 50. e4 Kf6 51. b6 Rb3 52. Kc6 Rc3+ 53. Kd7
Rb3 54. Kc7 Rc3+ 55. Kb8 Ke5 56. b7 Kxe4 57. Rb2 Rg3 58. Ka7 Rg7 59. Rh2 1-0

[Event "Mittelfr. EM 2019 - NT"]
[Site "Nürnberg"]
[Date "2019.04.17"]
[Round "2.8"]
[White "Weigel, Rainer"]
[Black "Reichel, Rolf"]
[Result "0-1"]
[WhiteElo "1425"]
[BlackElo "1743"]
[PlyCount "80"]
[EventDate "2019.??.??"]
[WhiteTeam "SG Büchenbach/Roth"]
[BlackTeam "SC Röthenbach/Pegnitz"]

1. d4 d5 2. c4 c6 3. cxd5 cxd5 4. Nc3 Nc6 5. Nf3 Nf6 6. Bg5 e6 7. e3 Be7 8. Bd3
O-O 9. O-O Nb4 10. a3 Nxd3 11. Qxd3 h6 12. Bxf6 Bxf6 13. Rac1 a6 14. Rc2 b6 15.
Rfc1 Bd7 16. b3 b5 17. Na2 Be7 18. b4 Bd6 19. Ne5 Be8 20. Nc6 Qh4 21. h3 f5 22.
Ne5 Bh5 23. f4 g5 24. Qf1 g4 25. Qf2 Qe7 26. Qg3 Kh8 27. hxg4 fxg4 28. Qh2 Qe8
29. Rc6 Bxe5 30. dxe5 Kh7 31. Rd6 Bg6 32. Rcc6 Bf5 33. Qh4 a5 34. bxa5 Rxa5 35.
Nc3 Rxa3 36. Nxd5 Ra1+ 37. Kh2 g3+ 38. Kxg3 Qg6+ 39. Kf3 Be4+ 40. Ke2 Qxg2+ 0-1

[Event "Mittelfr. EM 2019 - NT"]
[Site "Nürnberg"]
[Date "2019.04.17"]
[Round "2.10"]
[White "Meyer, Robert"]
[Black "Ott, Hans"]
[Result "0-1"]
[WhiteElo "1738"]
[BlackElo "1475"]
[PlyCount "24"]
[EventDate "2019.??.??"]
[WhiteTeam "SC Stein"]
[BlackTeam "Zabo-Eintracht Nürnberg"]

1. Nf3 Nf6 2. d4 g6 3. Bf4 Bg7 4. e3 d6 5. c3 O-O 6. Bd3 Nbd7 7. Qc2 Nh5 8. Bg3
Ndf6 9. Nbd2 Nd5 10. O-O-O c6 11. a3 b5 12. h3 Nxg3 0-1

[Event "Mittelfr. EM 2019 - NT"]
[Site "Nürnberg"]
[Date "2019.04.17"]
[Round "2.11"]
[White "Walter, Gabriele"]
[Black "Deschler, Arne"]
[Result "1/2-1/2"]
[WhiteElo "1576"]
[BlackElo "1710"]
[PlyCount "41"]
[EventDate "2019.??.??"]
[WhiteTeam "SV Lauf"]
[BlackTeam "SC Noris-Tarrasch Nürnberg"]

1. c4 c5 2. g3 g6 3. Bg2 Bg7 4. e3 Nc6 5. Ne2 e6 6. O-O Nge7 7. Nbc3 O-O 8. b3
b6 9. Bb2 Bb7 10. Rb1 d5 11. d4 dxc4 12. dxc5 Qxd1 13. Rfxd1 Rfd8 14. cxb6 cxb3
15. axb3 axb6 16. Rxd8+ Rxd8 17. b4 Rd7 18. b5 Nb4 19. Bxb7 Rxb7 20. Rd1 Nbd5
21. Nxd5 1/2-1/2

[Event "Mittelfr. EM 2019 - NT"]
[Site "Nürnberg"]
[Date "2019.04.17"]
[Round "2.13"]
[White "Floegel, Marco"]
[Black "Hummady, Pascha"]
[Result "1-0"]
[WhiteElo "1638"]
[BlackElo "1388"]
[PlyCount "47"]
[EventDate "2019.??.??"]
[WhiteTeam "SK Herzogenaurach"]
[BlackTeam "SC Noris-Tarrasch Nürnberg"]

1. e4 e5 2. Nf3 Nc6 3. Bc4 Nf6 4. d3 h6 5. c3 Bc5 6. Nbd2 d6 7. Bb3 O-O 8. h3
Ne7 9. Nf1 Be6 10. Ng3 Ng6 11. O-O a6 12. Bc2 Nh7 13. Nh2 Ng5 14. d4 Ba7 15.
Be3 c6 16. Nf5 Nf4 17. h4 Ngh3+ 18. gxh3 Nxh3+ 19. Kh1 c5 20. Qg4 Qf6 21. Qxh3
Bxf5 22. exf5 Rfe8 23. Ng4 Qd8 24. f6 1-0

[Event "Mittelfr. EM 2019 - NT"]
[Site "Nürnberg"]
[Date "2019.04.18"]
[Round "3.1"]
[White "Konsek, Peter"]
[Black "Kellmann, Andreas"]
[Result "1/2-1/2"]
[WhiteElo "2062"]
[BlackElo "1901"]
[PlyCount "105"]
[EventDate "2019.??.??"]
[WhiteTeam "SW Nürnberg Süd"]
[BlackTeam "SG Büchenbach/Roth"]

1. e4 d5 2. exd5 Qxd5 3. Nc3 Qd8 4. d4 Nf6 5. Nf3 Bg4 6. h3 Bxf3 7. Qxf3 c6 8.
Be3 e6 9. Bd3 Nbd7 10. O-O-O Bb4 11. Ne2 Nd5 12. Qg3 g6 13. Bh6 Bf8 14. Bg5 Be7
15. h4 N7b6 16. a3 Qc7 17. Qf3 h6 18. Bd2 Nf6 19. Bf4 Qd7 20. Be5 Qd5 21. Qg3
Nh5 22. Qh3 Rg8 23. Nc3 Qd8 24. f4 Nd5 25. Ne2 Qa5 26. g4 Nhf6 27. f5 g5 28.
hxg5 hxg5 29. fxe6 fxe6 30. c4 Nc7 31. Rhf1 Rf8 32. Bg6+ Kd7 33. Nc3 Rh8 34.
Qg3 Rhf8 35. Bxf6 Rxf6 36. Rxf6 Bxf6 37. Ne4 Be7 38. b4 Qb6 39. Nc5+ Kc8 40.
Qd3 a5 41. Qb3 axb4 42. axb4 Ra1+ 43. Kc2 Rxd1 44. Kxd1 Qa7 45. Qb2 b6 46. Nd3
Qa4+ 47. Kd2 Na6 48. Kc3 c5 49. bxc5 bxc5 50. Qb6 cxd4+ 51. Kxd4 Qa1+ 52. Ke4
Nc7 53. Qd4 1/2-1/2

[Event "Mittelfr. EM 2019 - NT"]
[Site "Nürnberg"]
[Date "2019.04.18"]
[Round "3.2"]
[White "Diebel, Günter"]
[Black "Petrov, Mikhail"]
[Result "0-1"]
[WhiteElo "1854"]
[BlackElo "1905"]
[PlyCount "58"]
[EventDate "2019.??.??"]
[WhiteTeam "SW Nürnberg Süd"]
[BlackTeam "SW Nürnberg Süd"]

1. e4 e6 2. d4 d5 3. exd5 exd5 4. Be3 Nf6 5. Bd3 c6 6. Nf3 Qb6 7. b3 Bg4 8. h3
Bh5 9. O-O Bd6 10. Nbd2 Nbd7 11. Be2 O-O 12. Rb1 Qa5 13. a4 Qc3 14. Ne1 Bxe2
15. Qxe2 Rfe8 16. Qd3 Bb4 17. Qxc3 Bxc3 18. b4 Rxe3 19. fxe3 Bxd2 20. Rf3 Re8
21. Kf2 Ne4+ 22. Kf1 Nb6 23. Nd3 Nc4 24. Ne5 Nxe3+ 25. Ke2 Nxc2 26. Kd3 Nxb4+
27. Rxb4 Bxb4 28. Rxf7 Rxe5 29. Rxb7 Nf2+ 0-1